000 01277cam a22002771i 4500
003 SA-RiAUC
005 20241221051607.0
008 241218s1992 su g 00000 ara c
020 _a9770033081
040 _aSA-RiKSU
_bara
_cSA-RiAUC
_erda
082 0 4 _a412
_qSA-RiAUC
090 _a412
_bص ا ل
100 1 _aالصالح، صالح العلي
_eمؤلف.
245 1 0 _aكتاب الروضة الندية فيما ترادف وتوارد وتضاد من كلم وكلام اللغة العربية /
_cصالح العلي الصالح، أمينة الشيخ سليمان الأحمد.
246 3 0 _aالروضة الندية فيما ترادف وتوارد وتضاد من كلم وكلام اللغة العربية
264 1 _aالرياض :
_bمركز الناشرون العرب،
_c1992
300 _a463 صفحة ؛
_c24 سم
336 _aنص
_btxt
_2rdacontent
_3كتاب
337 _aبدون وسيط
_bn
_2rdamedia
338 _aمجلد
_bnc
_2rdacarrier
650 7 _aاللغة العربية
_xمترادفات ومناقضات
_2aucsh
650 7 _aاللغة العربية
_xاشتقاق
_2aucsh
700 1 _aالأحمد، أمينة الشيخ سليمان
_eمؤلف.
942 _2ddc
_cBOOK
_n0
949 _aSA-JeALM
_d241218
_umohamedma123
_n1
999 _c3708
_d3708